Jeden, dva, tri, štyri, päť, alebo, Mc Ewanovo kvinteto

Bibliographic Details
Main Author: Součková, Marta, 1963- (Author)
Format: Article
Language:Slovak
ISSN:1335-1702
Subjects:

MARC

LEADER 00000nab a2200000 a 4500
001 vtls009305371
003 SK-MaSNL
005 20260304152353.0
008 250506c2008 xo |r|p|||||||000 b|slo
015 |a SNBRB2008/06  |2 snkbucl 
035 |a (uuid)01a78993-7168-4812-afdb-93a5b42e4fcf 
035 |a urn:nbn:sk:snk-ab9xr6 
035 |a (urnnbn)urn:nbn:sk:snk:ar-a093tg 
038 |a SNKBUCL 
040 |a SNKBUCL  |b slo  |c SNKBUCL  |e AACR2 
041 0 |a slo 
044 |a xo  |c SK 
080 |a 82.09:821.111-31  |x (048)  |2 2001 
080 |a 821.111-31  |x (048)  |2 2001 
100 1 |a Součková, Marta,  |d 1963-  |4 aut  |9 13337 
245 1 0 |a Jeden, dva, tri, štyri, päť, alebo, Mc Ewanovo kvinteto  |c Marta Součková 
650 0 7 |a anglické romány  |2 snkbucl  |9 309488 
650 0 7 |a spoločenské romány  |x recenzie  |2 snkbucl  |9 1034143 
655 7 |a recenzie  |2 snkbucl  |9 21907 
773 0 |t RAK  |g Roč. XIII, č. 2 (2008), s. 46-48  |x 1335-1702 
787 0 8 |i Rec.:  |a McEwan, Ian, 1948-  |t Na pláži  |d Bratislava : Slovart, 2007  |z 9788080854089 
850 |a Slovenská národná knižnica 
852 |a Slovenská národná knižnica 
958 |a article13 
958 |a OND 
958 |a LX 
958 |a GB 
958 |a RC 
958 |a EUIPO 
999 |c 2948625  |d 2950555